000 00284nam a22001217a 4500
008 171102b9780822364726 xxu||||| |||| 00| 0 eng d
041 _aeng
080 _a339.9
100 _a59
101 _aGLO
245 _aPUBLIC CULTURE GLOBALIZATION
_cAPPADURAI,A
942 _2udc
_cBK
999 _c37182
_d37182